Alchymistova šifra. Havranova pomsta /
Závěr napínavé fantasy série o mladém lékárnickém učni Christopherovi, odehrávající se v 17. století v Anglii.
Uloženo v:
| Série: | Alchymistova šifra,
část 6 |
|---|---|
| Hlavní autor: | |
| Další autoři: | |
| Médium: | E-kniha |
| Jazyk: | Czech |
| Vydáno: |
V Praze :
Fragment,
2023
|
| Vydání: | 1. vydání |
| Témata: | |
| Příbuzné jednotky: | Z cyklu::
Alchymistova šifra |
| Tagy: |
Žádné tagy |
| LEADER | 02839nam a2200529 i 4500 | ||
|---|---|---|---|
| 001 | 312190 | ||
| 003 | CZ PrSKC | ||
| 005 | 20260601215718.0 | ||
| 007 | ta | ||
| 008 | 231124s2023 xr a c 000 f cze | ||
| 015 | |a cnb003575199 | ||
| 020 | |a 9788025365991 |q (vázáno) : |c Kč 449,00 | ||
| 035 | |a (OCoLC)1420607453 | ||
| 040 | |a ABG001 |b cze |d ABA001 |e rda | ||
| 041 | 1 | |a cze |h eng | |
| 072 | 7 | |a 821.111-3 |x Anglická próza, anglicky psaná |2 Konspekt | |
| 072 | 7 | |a 821-93 |x Literatura pro děti a mládež (beletrie) |2 Konspekt | |
| 080 | |a 821.111(71)-31 |2 MRF | ||
| 080 | |a 821-93 |2 MRF | ||
| 080 | |a (0:82-312.9) |2 MRF | ||
| 100 | 1 | |a Sands, Kevin |7 mzk2017972277 |4 aut | |
| 240 | 1 | 0 | |a Raven's revenge. |l Česky |
| 245 | 1 | 0 | |a Alchymistova šifra. |p Havranova pomsta / |c Kevin Sands ; z anglického originálu The Blackthorn key, book 6 - The raven's revenge ... přeložil Zdík Dušek |
| 246 | 3 | 0 | |a Havranova pomsta |
| 250 | |a 1. vydání | ||
| 264 | 1 | |a V Praze : |b Fragment, |c 2023 | |
| 300 | |a 382 stran : |b ilustrace ; |c 22 cm | ||
| 336 | |a text |b txt |2 rdacontent | ||
| 337 | |a bez média |b n |2 rdamedia | ||
| 338 | |a svazek |b nc |2 rdacarrier | ||
| 520 | 2 | |a Závěr napínavé fantasy série o mladém lékárnickém učni Christopherovi, odehrávající se v 17. století v Anglii. |b Tajuplný Havran nastražil na Christophera strašlivou past a on teď sedí zavřený ve vězení v Toweru. Tento hrůzný čin je první z řady her, které Havran hodlá s Christopherem hrát... her, které jsou výzvou i rizikem zároveň. Po propuštění z vězení se Christopher, Tom a Sally pustí s Havranem do hry na kočku a myš, která je zavede do všech koutů Londýna. Dokáže Christopher Havrana přelstít a konečně ho odhalit? A jakou cenu za to bude muset zaplatit? Nakladatelská anotace. | |
| 521 | 8 | |a Pro čtenáře od 10 let | |
| 655 | 7 | |a kanadské romány (anglicky) |7 fd139325 |2 czenas | |
| 655 | 7 | |a fantasy romány |7 fd184199 |2 czenas | |
| 655 | 7 | |a publikace pro děti |7 fd133156 |2 czenas | |
| 655 | 9 | |a Canadian fiction (English) |2 eczenas | |
| 655 | 9 | |a fantasy novels |2 eczenas | |
| 655 | 9 | |a children's literature |2 eczenas | |
| 700 | 1 | |a Dušek, Zdík, |d 1976- |7 ola20040616001 |4 trl | |
| 765 | 1 | |t Blackthorn key | |
| 787 | 0 | 8 | |i Z cyklu: |t Alchymistova šifra |g 6 |
| 900 | |a ABA001 |b 20 | ||
| 928 | 9 | |a Albatros Media - Fragment | |
| 044 | |a xr | ||
| 910 | |a RBIT002 | ||
| 998 | |d 391751 |a https://core.palmknihy.cz/api/books/391751/cover?s46u11 |b https://core.palmknihy.cz/api/books/391751/cover/400?s46u11 |c https://core.palmknihy.cz/api/books/391751/cover/50?s46u11 |e 2027-06-07 |g 384 |i 9788025365991 |j https://core.palmknihy.cz/api/books/391751/preview.epub |k https://core.palmknihy.cz/api/books/391751/preview.pdf |l |q 49 |r 1 |s https://www.palmknihy.cz/kniha/391751 |t ebook |y 2023 |z 0 |v Alchymistova šifra |w 6 | ||
| 999 | |d 312188 | ||